Siddhaśabdārṇava. (Record no. 84766)
[ view plain ]
| 000 -LEADER | |
|---|---|
| fixed length control field | 01026cam a22003011 4500 |
| 001 - CONTROL NUMBER | |
| control field | sa 68012800 |
| 003 - CONTROL NUMBER IDENTIFIER | |
| control field | DLC |
| 005 - DATE AND TIME OF LATEST TRANSACTION | |
| control field | 20260227112615.0 |
| 008 - FIXED-LENGTH DATA ELEMENTS--GENERAL INFORMATION | |
| fixed length control field | 790822s1965 ii bd 000 0 san |
| 010 ## - LIBRARY OF CONGRESS CONTROL NUMBER | |
| LC control number | sa 68012800 |
| 025 ## - OVERSEAS ACQUISITION NUMBER | |
| Overseas acquisition number | PL480: I-San-718 |
| 035 ## - SYSTEM CONTROL NUMBER | |
| System control number | (OCoLC)5296499 |
| 040 ## - CATALOGING SOURCE | |
| Original cataloging agency | DLC |
| Transcribing agency | NIC |
| Modifying agency | OCoLC |
| -- | DLC |
| 042 ## - AUTHENTICATION CODE | |
| Authentication code | premarc |
| 050 00 - LIBRARY OF CONGRESS CALL NUMBER | |
| Classification number | PK915 |
| Item number | .S2 1965 |
| 100 0# - MAIN ENTRY--PERSONAL NAME | |
| Personal name | Sahajakīrti., |
| Dates associated with a name | active 1605-1648. |
| 245 10 - TITLE STATEMENT | |
| Title | Siddhaśabdārṇava. |
| Statement of responsibility, etc. | Edited by Murlidhar Gajanan Panse. |
| 250 ## - EDITION STATEMENT | |
| Edition statement | [1st ed.] |
| 260 ## - PUBLICATION, DISTRIBUTION, ETC. | |
| Place of publication, distribution, etc. | Poona |
| Name of publisher, distributor, etc. | [Deccan College Postgraduate and Research Institute] |
| Date of publication, distribution, etc. | 1965. |
| 300 ## - PHYSICAL DESCRIPTION | |
| Extent | ii, 36, 228 p. |
| Dimensions | 22 cm. |
| 490 0# - SERIES STATEMENT | |
| Series statement | Deccan College building centenary and silver jubilee series, |
| Volume/sequential designation | 54 |
| 500 ## - GENERAL NOTE | |
| General note | "Code no. BC 139." |
| 500 ## - GENERAL NOTE | |
| General note | In Sanskrit: introductory matter in English. |
| 504 ## - BIBLIOGRAPHY, ETC. NOTE | |
| Bibliography, etc. note | Bibliographical footnotes. |
| 650 #0 - SUBJECT ADDED ENTRY--TOPICAL TERM | |
| Topical term or geographic name entry element | Sanskrit language |
| General subdivision | Synonyms and antonyms. |
| 650 #0 - SUBJECT ADDED ENTRY--TOPICAL TERM | |
| Topical term or geographic name entry element | Sanskrit language |
| General subdivision | Dictionaries |
| -- | English. |
| 700 1# - ADDED ENTRY--PERSONAL NAME | |
| Personal name | Panse, Murlidhar Gajanan, |
| Dates associated with a name | 1918- |
| Relator term | ed. |
No items available.